Tata Stories: 40 Timeless Tales to Inspire You (Record no. 46483)

MARC details
000 -LEADER
fixed length control field 00417nam a22001697a 4500
005 - DATE AND TIME OF LATEST TRANSACTION
control field 20250825155533.0
008 - FIXED-LENGTH DATA ELEMENTS--GENERAL INFORMATION
fixed length control field 250825b |||||||| |||| 00| 0 eng d
020 ## - INTERNATIONAL STANDARD BOOK NUMBER
International Standard Book Number 9780670095322
041 ## - LANGUAGE CODE
Language code of text/sound track or separate title eng
082 ## - DEWEY DECIMAL CLASSIFICATION NUMBER
Classification number 920 BHA
100 ## - MAIN ENTRY--PERSONAL NAME
Author Bhat,Harish
245 ## - TITLE STATEMENT
Title Tata Stories: 40 Timeless Tales to Inspire You
260 ## - PUBLICATION, DISTRIBUTION, ETC.
Place Haryana
Publisher Penguin
Publication Year 2021
300 ## - PHYSICAL DESCRIPTION
Extent 202;. p. 21 cm
650 ## - SUBJECT ADDED ENTRY--TOPICAL TERM
Subject Biography
942 ## - ADDED ENTRY ELEMENTS (KOHA)
Koha item type Books
Holdings
Withdrawn status Lost status Source of classification or shelving scheme Damaged status Not for loan Home library Current library Shelving location Accession Date Vendor Price Bill number Total Checkouts Full call number Barcode No Date due Date last seen Date last checked out Bill Date Koha item type Suggested By
    Dewey Decimal Classification     IMTN IMTN Rack 42-B 08/25/2025 Amazon.in 375.13 BOM5-3105284 4 920 BHA 33948 01/23/2026 01/13/2026 01/13/2026 08/01/2025 Books Faculty Purchase By Dr. Abhishek N Singh
Designed & Maintained by: LRC IMT Nagpur Contact: lrc@imtnag.ac.in© 2024. All Rights Reserved.